Sophia and her people
Η Σοφία και η οικογένειά της έχασαν το σπίτι τους στο χωριό το 1975, όταν η Τουρκία εισέβαλε στην Κύπρο. Η ταινία, που κυρίως τραβήχθηκε στην Νικοσία το 1983, δείχνει την ανάγκη των μεταναστών για οικονομική ανάκαμψη και αυτό στην συγκεκριμένη περίπτωση έγινε με την βοήθεια ενός φούρνου...
Αποθηκεύτηκε σε:
| Συγγραφή απο Οργανισμό/Αρχή: | |
|---|---|
| Άλλοι συγγραφείς: | |
| Μορφή: | Βίντεο VHS |
| Γλώσσα: | English |
| Δημοσίευση: |
London :
The Royal Anthropological Institute,
1985
|
| Θέματα: | |
| Ετικέτες: |
Προσθήκη ετικέτας
Δεν υπάρχουν, Καταχωρήστε ετικέτα πρώτοι!
|
MARC
| LEADER | 00000 gm a2200000 i 4500 | ||
|---|---|---|---|
| 001 | 1/44557 | ||
| 007 | vf cbaho | ||
| 008 | 070518s1985 uk eng d | ||
| 035 | |l 10087889 | ||
| 040 | |a GR-MY-UA |b gre |e aacr | ||
| 041 | 0 | |a eng | |
| 082 | 0 | |a 362.87095693 |2 (22) | |
| 245 | 1 | 0 | |a Sophia and her people |h [μαγνητοσκόπηση] / |c σκηνοθέτης Peter Loizos. |
| 260 | |a London : |b The Royal Anthropological Institute, |c 1985 | ||
| 300 | |a 1 βιντεοκασέτα (35 λεπτ.); |b ομιλ., έγχρ.; |c 1/2 ιν. | ||
| 500 | |a Υπάρχει ψηφιακό αντίγραφο. | ||
| 508 | |a Σκηνοθέτης Peter Loizos | ||
| 520 | |a Η Σοφία και η οικογένειά της έχασαν το σπίτι τους στο χωριό το 1975, όταν η Τουρκία εισέβαλε στην Κύπρο. Η ταινία, που κυρίως τραβήχθηκε στην Νικοσία το 1983, δείχνει την ανάγκη των μεταναστών για οικονομική ανάκαμψη και αυτό στην συγκεκριμένη περίπτωση έγινε με την βοήθεια ενός φούρνου | ||
| 521 | |a Για εκπαιδευτική χρήση μόνο | ||
| 538 | |a VHS format | ||
| 650 | 0 | 0 | |a Refugees |z Cyprus. |
| 650 | 0 | 0 | |a Bakers and bakeries |z Cyprus. |
| 651 | 0 | |a Cyprus |x History |y Cyprus crisis, 1974- |x Refugees. | |
| 700 | 1 | |a Λοίζος, Πέτρος, |d 1937- |4 drt | |
| 710 | 2 | |a Royal Anthropological Institute of Great Britain and Ireland. | |
| 852 | |a INST |b LESVOS |c AV |e 20070518 |h 362.87095693 SOP |p 005100038323 |q 005100038323 |t VC |y 23 | ||
| 901 | |a BIBL1-2007-2 | ||
| 909 | |a Λ |b 133920 | ||
| 922 | |a 1ΕΛΗ |b 2007-04 |c ΕΠΕΑΕΚ2/ΤΚΑ |d ΕΚΔΟΣΕΙΣ ΕΜΒΡΥΟ | ||
| 970 | |a ΚΑΡΑ |b ΓΙΑΣΕΜΗ |z 2007/05/18 | ||